| 000 | 00715 a2200241 4500 | ||
|---|---|---|---|
| 001 | 77138 | ||
| 999 |
_c77138 _d28572 |
||
| 003 | TR-AnTOB | ||
| 005 | 20231221105156.0 | ||
| 008 | 100802s1998 tu 000 0 | ||
| 020 | _a9751921406 | ||
| 040 | _aTR-AnTOB | ||
| 041 | _atur | ||
| 050 | 1 | 4 |
_aHQ663.4.Z9 _bA55 1998 |
| 090 | _aHQ663.4.Z9 A55 1998 | ||
| 245 | 0 |
_aMetropolde kariyer meslekleri ve aile yapısı temelinde yaşama tarzları : _b(ankara örneği). |
|
| 264 | 1 |
_aAnkara: _bBaşbakanlık Aile Araştırma Kurumu Başkanlığı, _c1998 |
|
| 300 |
_axiv,247 s.: _btbl.; _c24 cm. |
||
| 650 | 0 |
_aFamilies _zTurkey _zAnkara _961432 |
|
| 650 | 0 |
_aAileler _zTürkiye _zAnkara _980338 |
|
| 902 | _a32157 | ||
| 903 | _aMerkez Kütüphane | ||
| 942 | _cBK | ||